|
|
|
|
| LEADER |
01990nam a2200445 i 4500 |
| 001 |
EBC1896280 |
| 003 |
MiAaPQ |
| 005 |
20200903223051.0 |
| 006 |
m o d | |
| 007 |
cr cnu|||||||| |
| 008 |
150116t20142014enka ob 001 0 eng d |
| 020 |
|
|
|z 9781784410629
|
| 020 |
|
|
|a 9781784410612
|q (electronic bk.)
|
| 035 |
|
|
|a (MiAaPQ)EBC1896280
|
| 035 |
|
|
|a (Au-PeEL)EBL1896280
|
| 035 |
|
|
|a (CaPaEBR)ebr11001418
|
| 035 |
|
|
|a (CaONFJC)MIL680993
|
| 035 |
|
|
|a (OCoLC)898325298
|
| 040 |
|
|
|a MiAaPQ
|b eng
|e rda
|e pn
|c MiAaPQ
|d MiAaPQ
|
| 050 |
|
4 |
|a HD38.5
|b .S878 2014
|
| 082 |
0 |
|
|a 658.70286
|2 23
|
| 245 |
0 |
0 |
|a Sustainable logistics /
|c edited by Cathy Macharis [and three others] ; contributors, Patricia Baptista [and twenty-eight others].
|
| 264 |
|
1 |
|a Bingley, [England] :
|b Emerald,
|c 2014.
|
| 264 |
|
4 |
|c 2014
|
| 300 |
|
|
|a 1 online resource (365 pages) :
|b illustrations (some color), graphs, tables.
|
| 336 |
|
|
|a text
|2 rdacontent
|
| 337 |
|
|
|a computer
|2 rdamedia
|
| 338 |
|
|
|a online resource
|2 rdacarrier
|
| 490 |
1 |
|
|a Transport and Sustainability,
|x 2044-9941 ;
|v Volume 6
|
| 504 |
|
|
|a Includes bibliographical references at the end of each chapters and index.
|
| 588 |
|
|
|a Description based on online resource; title from PDF title page (ebrary, viewed January 16, 2015).
|
| 590 |
|
|
|a Electronic reproduction. Ann Arbor, MI : ProQuest, 2016. Available via World Wide Web. Access may be limited to ProQuest affiliated libraries.
|
| 650 |
|
0 |
|a Business logistics
|x Environmental aspects.
|
| 655 |
|
4 |
|a Electronic books.
|
| 700 |
1 |
|
|a Macharis, Cathy,
|e editor.
|
| 700 |
1 |
|
|a Baptista, Patricia,
|e contributor.
|
| 776 |
0 |
8 |
|i Print version:
|t Sustainable logistics.
|d Bingley, [England] : Emerald, c2014
|h xxvi, 338 pages
|k Transport and sustainability ; Volume 6.
|z 9781784410629
|
| 797 |
2 |
|
|a ProQuest (Firm)
|
| 830 |
|
0 |
|a Transport and sustainability ;
|v Volume 6.
|
| 856 |
4 |
0 |
|u https://ebookcentral.proquest.com/lib/matrademy/detail.action?docID=1896280
|z Click to View
|